Capacitación para el manejo de áreas protegidas en América Latina : (Registro nro. 7885)

Detalles MARC
000 -CABECERA
Campo de control 01083nmm a22002177a 4500
005 - FECHA Y HORA DE LA ULTIMA TRANSACCION
Campo de control 20131122175104.0
008 - ELEMENTOS DE LONGITUD FIJA—INFORMACION GENERAL
Campo de control 131122b2006 ck ||||| |||| 00| 0 spa d
041 ## - IDIOMA
Código de idioma para texto/pista de sonido o título separado Español
044 ## - PAÍS DE PUBLICACIÓN
País de publicación Colombia
090 ## - CLASIFICACIÓN LOCAL
Colección LB
Consecutivo 05759
100 ## - ASIENTO PRINCIPAL--NOMBRE PERSONAL
Nombre personal Acevedo, Celeste
245 ## - MENCION DE TITULO
Título Capacitación para el manejo de áreas protegidas en América Latina :
Parte restante del título Una aproximación a la demanda de los actores
260 ## - PUBLICACION, DISTRIBUCION, ETC. (PIE DE IMPRENTA)
Lugar de publicación, distribución, etc. s.l.
Nombre del editor, distribuidor, etc. Cosude
Fecha de publicación, distribución, etc. 2010
300 ## - DESCRIPCION FISICA
Extensión 100 p.
Otros detalles físicos il., (col), Gráficas
Dimensiones 13 cm.
500 ## - NOTA GENERAL
Nota general Proyecto: Fortalecimiento de capacidades regionales por medio de la sistematización, análisis y transferencia de conocimientos en manejo de recursos naturales
505 ## - NOTA DE CONTENIDO
Nota de contenido Incluye Contenido Temático
520 ## - NOTA DE RESUMEN, ETC.
Nota de resumen la alianza de capacitación para la conservación de la biodiversidad en el Trópico Americano, está desarrollando la siguiente recopilación de información con el objetivo de identificar las necesidades de capacitación para el manejo de las Áreas protegidas de nuestra región
700 12 - ASIENTO SECUNDARIO - NOMBRE PERSONAL
Nombre personal Nelly, Vásquez
700 12 - ASIENTO SECUNDARIO - NOMBRE PERSONAL
Nombre personal Robles, Gabriel
942 ## - ELEMENTOS ADICIONALES (KOHA)
Sistema de clasificación Local
Tipo de ítem CD-ROM
Existencias
Withdrawn status Lost status Sistema de Clasificación Damaged status No para préstamo Colección Ubicación Permanente Ubicación actual Fecha de adquisición Total Checkouts Número topográfico Inventario / Código de Barras Date last seen Ejemplar Price effective from Forma de adquisición Tipo de material
    Local     Audiovisual Bogotá Bogotá 22/11/2013   LB-05759 058496 22/11/2013 Ej. 1 22/11/2013   CD-ROM